Normal view
MARC view
- الادارة المحلية- الاردن -الادارة المحلية-فرنسا
Entry Topical Term
001 - CONTROL NUMBER
- control field: 46941
003 - CONTROL NUMBER IDENTIFIER
- control field: JO-AjAnu
005 - DATE AND TIME OF LATEST TRANSACTION
- control field: 20230606081744.0
008 - FIXED-LENGTH DATA ELEMENTS
- fixed length control field: 230606|| aca||aabn | a|a d
040 ## - CATALOGING SOURCE
- Original cataloging agency: JO-AjAnu
- Transcribing agency: JO-AjAnu
150 ## - HEADING--TOPICAL TERM
- Topical term or geographic name entry element: الادارة المحلية- الاردن -الادارة المحلية-فرنسا
670 ## - SOURCE DATA FOUND
- Source citation: Work cat.: (JO-AjAnu)24025: شطناوي، علي خطار , author 46940, الادارة المحلية وتطبيقاتها في الاردن وفرنسا